000 00738cam a22002531 4500
001 14812
003 BD-RjUL
005 20211208235709.0
008 140208s1962 mau b 001 0 eng d
035 _a(BD-RjUL)14866
035 _a(OCoLC)244541
040 _aDLC
_cODaWU
_dOCoLC
_dDLC
_dBD-RjUL
_beng
041 _aeng
082 _a657.3
_bANA 1962
100 1 _aAnton, Hector R.
_946138
245 1 0 _aAccounting for the flow of funds /
_cHector R Anton,
260 _aBoston ;
_aNew York :
_bHoughton Mifflin,
_cc1962
300 _axi, 131 p. :
_c23 cm.
504 _aIncludes bibliography.
650 0 _aFinancial statements.
_946139
650 0 _aCorporations
_xAccounting.
_946140
942 _2ddc
_cBK
999 _c14812
_d14812